000
00256nam a2200109Ia 4500
008
200302s9999 xx 000 0 und d
100
_a
Susan Mayhew
245
_a
Dictionary Of Geography
260
_b
Oxford University Press
260
_c
2009
300
_a
551
999
_c
4645
_d
4645